[Event "Tatry op"]
[Site "Tatranske Matliare"]
[Date "2022.05.29"]
[Round "2"]
[White "Kopnicky, Frantisek"]
[Black "Nicolini, Alexander"]
[Result "0-1"]
[WhiteElo "1876"]
[BlackElo "2156"]
[PlyCount "54"]
[EventDate "2022.05.28"]
[EventType "swiss"]
[EventRounds "9"]
[EventCountry "SVK"]
[SourceTitle "EXT 2024"]
[Source "ChessBase"]
[SourceDate "2023.10.10"]
[SourceVersion "1"]
[SourceVersionDate "2023.10.10"]
[SourceQuality "1"]

1. e4 e5 2. Nf3 Nc6 3. d4 exd4 4. Bc4 Be7 5. Nxd4 d6 6. Nxc6 bxc6 7. Qh5 g6 8. Qf3 Be6 9. Bxe6 fxe6 10. Qc3 Bf6 11. Qxc6+ Kf7 12. Nc3 Ne7 13. Qc4 Qd7 14. Be3 Rhb8 15. Nd1 d5 16. Qd3 Nc6 17. f4 Nb4 18. Qd2 Qa4 19. b3 Qc6 20. c3 dxe4 21. 0-0 Rd8 22. Qc1 Nd5 23. Bd4 Bxd4+ 24. cxd4 Qb6 25. Qd2 Nf6 26. Rc1 Rxd4 27. Qe3 Ng4 0-1

[Event "SVK-chT2D 1819"]
[Site "Slovakia"]
[Date "2019.04.07"]
[Round "11.6"]
[White "Tatarko, Tomas"]
[Black "Kopnicky, Frantisek"]
[Result "1-0"]
[WhiteElo "1976"]
[BlackElo "1858"]
[PlyCount "39"]
[EventDate "2018.10.13"]
[EventType "team-tourn"]
[EventRounds "11"]
[EventCountry "SVK"]
[SourceTitle "EXT 2020"]
[Source "ChessBase"]
[SourceDate "2019.10.17"]
[SourceVersion "1"]
[SourceVersionDate "2019.10.17"]
[SourceQuality "1"]
[WhiteTeam "Sabinov II"]
[BlackTeam "Poprad LS VD"]
[WhiteTeamCountry "SVK"]
[BlackTeamCountry "SVK"]

1. e4 b6 2. d4 Bb7 3. Bd3 e6 4. Nf3 c5 5. 0-0 c4 6. Bxc4 Bxe4 7. Nc3 Bb7 8. d5 Qc7 9. Qe2 a6 10. Bg5 f6 11. dxe6 dxe6 12. Bf4 Be7 13. Nd4 Nc6 14. Nf5 g6 15. Nd5 Qd8 16. Be3 b5 17. Bb3 Ne5 18. Nfxe7 Nxe7 19. Nxf6+ Kf8 20. Bh6+ 1-0

[Event "SVK-ch Seniors 50"]
[Site "Tatranske Matliare"]
[Date "2017.06.01"]
[Round "7"]
[White "Topolovsky, Vincent"]
[Black "Kopnicky, Frantisek"]
[Result "1/2-1/2"]
[WhiteElo "1933"]
[BlackElo "1844"]
[PlyCount "43"]
[EventDate "2017.05.27"]
[EventType "swiss"]
[EventRounds "9"]
[EventCountry "SVK"]
[SourceTitle "EXT 2023"]
[Source "ChessBase"]
[SourceDate "2022.10.05"]
[SourceVersion "1"]
[SourceVersionDate "2022.10.05"]
[SourceQuality "1"]

1. d4 d5 2. Nf3 c6 3. c4 Nf6 4. Nc3 e6 5. e3 Nbd7 6. Bd3 dxc4 7. Bxc4 b5 8. Bd3 Bb7 9. 0-0 a6 10. e4 c5 11. Bg5 Be7 12. Bxf6 Nxf6 13. dxc5 Bxc5 14. Qe2 0-0 15. h3 Qe7 16. Rac1 Rac8 17. Bb1 e5 18. Rfd1 Rfd8 19. Rxd8+ Rxd8 20. Rd1 Rxd1+ 21. Qxd1 Qd6 22. Qxd6 1/2-1/2

[Event "SVK-chT2D 1617"]
[Site "Slovakia"]
[Date "2016.12.04"]
[Round "6.7"]
[White "Kopnicky, Frantisek"]
[Black "Moravek, Imrich"]
[Result "1/2-1/2"]
[WhiteElo "1877"]
[BlackElo "1753"]
[PlyCount "81"]
[EventDate "2016.10.08"]
[EventType "team-tourn"]
[EventRounds "11"]
[EventCountry "SVK"]
[SourceTitle "EXT 2018"]
[Source "ChessBase"]
[SourceDate "2017.10.13"]
[SourceVersion "1"]
[SourceVersionDate "2017.10.13"]
[SourceQuality "1"]
[WhiteTeam "Poprad LS VD"]
[BlackTeam "Margecany II"]
[WhiteTeamCountry "SVK"]
[BlackTeamCountry "SVK"]

1. e4 c6 2. d4 d5 3. exd5 cxd5 4. c4 Nf6 5. Nc3 Nc6 6. Nf3 Bg4 7. Qa4 Bxf3 8. gxf3 e6 9. c5 a6 10. Be3 Be7 11. Bd3 g6 12. Bh6 Nd7 13. f4 Bf6 14. Ne2 Qa5+ 15. Qxa5 Nxa5 16. Rd1 Nc6 17. Bb1 Rc8 18. h4 b6 19. cxb6 Nxb6 20. b3 Nb4 21. Kd2 Ke7 22. h5 Rc7 23. Bg5 Rhc8 24. hxg6 hxg6 25. Rc1 Rxc1 26. Nxc1 a5 27. Ne2 a4 28. a3 Nc6 29. Bc2 axb3 30. Bxb3 Na5 31. Rb1 Bxg5 32. fxg5 Nxb3+ 33. Rxb3 Nc4+ 34. Kd3 Ra8 35. f4 Rxa3 36. Rxa3 Nxa3 37. Ng1 Nc4 38. Nf3 Kd6 39. Ne5 Nxe5+ 40. fxe5+ Kc6 41. Kc3 1/2-1/2

[Event "SVK-chT2D 1617"]
[Site "Slovakia"]
[Date "2016.11.06"]
[Round "4.5"]
[White "Kopnicky, Frantisek"]
[Black "Jurcisin, Imrich"]
[Result "0-1"]
[WhiteElo "1877"]
[BlackElo "2011"]
[PlyCount "148"]
[EventDate "2016.10.08"]
[EventType "team-tourn"]
[EventRounds "11"]
[EventCountry "SVK"]
[SourceTitle "EXT 2018"]
[Source "ChessBase"]
[SourceDate "2017.10.13"]
[SourceVersion "1"]
[SourceVersionDate "2017.10.13"]
[SourceQuality "1"]
[WhiteTeam "Poprad LS VD"]
[BlackTeam "Kosice Slavia UPJS III"]
[WhiteTeamCountry "SVK"]
[BlackTeamCountry "SVK"]

1. e4 d5 2. exd5 Nf6 3. d4 Nxd5 4. h3 Bf5 5. c3 e6 6. Nf3 Be7 7. Bd3 Bxd3 8. Qxd3 0-0 9. 0-0 c5 10. dxc5 Bxc5 11. Ng5 Nf6 12. Qe2 h6 13. Ne4 Nxe4 14. Qxe4 Nc6 15. Nd2 Qd5 16. Qxd5 exd5 17. Nb3 Bb6 18. Re1 Rfe8 19. Be3 Bxe3 20. Rxe3 Rxe3 21. fxe3 Ne5 22. Re1 Re8 23. Re2 f5 24. Kf1 g6 25. Nd4 Nc4 26. Kf2 Kf7 27. Nf3 Kf6 28. Ne1 g5 29. Nd3 a5 30. g3 b6 31. a3 Re4 32. Re1 h5 33. Re2 h4 34. gxh4 Rxh4 35. Kg2 Re4 36. Kf3 Kg6 37. Nf2 Re7 38. Nd1 Rh7 39. Kg3 Kf6 40. Nf2 Rc7 41. Kf3 Re7 42. Nd1 Nd6 43. Rd2 Ke6 44. Nf2 Rc7 45. Re2 Ne4 46. Nd3 Rh7 47. Kg2 Rc7 48. Kf3 Rg7 49. Rg2 Rh7 50. Rh2 Kd6 51. Rh1 Nd2+ 52. Kg3 Kc6 53. Ne5+ Kc5 54. Rd1 Ne4+ 55. Kg2 Kd6 56. Nc4+ Kc6 57. Ne5+ Kc5 58. b4+ Kd6 59. Nc4+ Ke6 60. Nxb6 Nxc3 61. Rd3 axb4 62. axb4 Rc7 63. Kf1 Rc6 64. Ke1 Rxb6 65. Rxc3 Rxb4 66. Kf2 Ke5 67. Kf3 Rh4 68. Kg3 Ke4 69. Ra3 Rh7 70. Rb3 Rc7 71. h4 gxh4+ 72. Kxh4 Rg7 73. Kh3 Rg1 74. Kh4 Re1 0-1

[Event "SVK-chT2D 1617"]
[Site "Slovakia"]
[Date "2016.11.05"]
[Round "3.5"]
[White "Borovsky, Adam"]
[Black "Kopnicky, Frantisek"]
[Result "1/2-1/2"]
[WhiteElo "1968"]
[BlackElo "1877"]
[PlyCount "41"]
[EventDate "2016.10.08"]
[EventType "team-tourn"]
[EventRounds "11"]
[EventCountry "SVK"]
[SourceTitle "EXT 2018"]
[Source "ChessBase"]
[SourceDate "2017.10.13"]
[SourceVersion "1"]
[SourceVersionDate "2017.10.13"]
[SourceQuality "1"]
[WhiteTeam "Kosice Slavia TU IV"]
[BlackTeam "Poprad LS VD"]
[WhiteTeamCountry "SVK"]
[BlackTeamCountry "SVK"]

1. c4 Nf6 2. Nc3 g6 3. e4 d6 4. d4 Bg7 5. Be2 0-0 6. Nf3 a6 7. 0-0 c5 8. h3 cxd4 9. Nxd4 Bd7 10. Be3 Nc6 11. Qd2 Nxd4 12. Bxd4 Bc6 13. Bf3 Nd7 14. Bxg7 Kxg7 15. Qd4+ Kg8 16. Rad1 Qa5 17. Be2 Rab8 18. a3 Qc5 19. b4 Qxd4 20. Rxd4 b6 21. Rfd1 1/2-1/2

[Event "Tatry op"]
[Site "Tatranske Zruby"]
[Date "2013.10.04"]
[Round "7"]
[White "Silhavy, Miroslav"]
[Black "Kopnicky, Frantisek"]
[Result "1/2-1/2"]
[WhiteElo "1781"]
[BlackElo "1973"]
[PlyCount "100"]
[EventDate "2013.09.29"]
[EventType "swiss"]
[EventRounds "9"]
[EventCountry "SVK"]
[SourceTitle "EXT 2023"]
[Source "ChessBase"]
[SourceDate "2022.10.05"]
[SourceVersion "1"]
[SourceVersionDate "2022.10.05"]
[SourceQuality "1"]

1. e4 c5 2. Nf3 Nc6 3. d4 cxd4 4. Nxd4 Nf6 5. Nc3 e5 6. Ndb5 d6 7. Bg5 a6 8. Na3 b5 9. Nd5 Be7 10. Bxf6 gxf6 11. c3 f5 12. exf5 Bxf5 13. Qf3 Be6 14. Nxb5 axb5 15. Bxb5 Bd7 16. 0-0 0-0 17. Bxc6 Bxc6 18. Nxe7+ Qxe7 19. Qxc6 Rfc8 20. Qd5 Rab8 21. Rab1 Rc5 22. Qd2 Qe6 23. Rfd1 d5 24. b4 Rc4 25. Qxd5 Qxd5 26. Rxd5 Rxc3 27. Rxe5 Ra3 28. b5 Rxa2 29. g3 Rb6 30. f4 Kg7 31. Rc1 Rb2 32. Rcc5 h6 33. Rh5 Rb8 34. Rc6 Ra8 35. Rc1 Raa2 36. Kh1 Kg6 37. g4 Rf2 38. f5+ Kg7 39. Rb1 Rab2 40. Rxb2 Rxb2 41. f6+ Kxf6 42. Rxh6+ Kg5 43. Rh7 Kxg4 44. Rg7+ Kh4 45. Rxf7 Rxb5 46. Kg2 Rb2+ 47. Kf3 Rb3+ 48. Ke4 Rb4+ 49. Kd5 Kh3 50. Rh7+ Rh4 1/2-1/2

[Event "SVK-chT1E 1213"]
[Site "Slovakia"]
[Date "2013.03.23"]
[Round "10.3"]
[White "Cuker, Dusan"]
[Black "Kopnicky, Frantisek"]
[Result "1/2-1/2"]
[WhiteElo "2115"]
[BlackElo "1976"]
[PlyCount "37"]
[EventDate "2012.10.20"]
[EventType "team-tourn"]
[EventRounds "11"]
[EventCountry "SVK"]
[SourceTitle "EXT 2015"]
[Source "ChessBase"]
[SourceDate "2014.11.20"]
[SourceVersion "1"]
[SourceVersionDate "2014.11.20"]
[SourceQuality "1"]
[WhiteTeam "Sabinov"]
[BlackTeam "Svit"]
[WhiteTeamCountry "SVK"]
[BlackTeamCountry "SVK"]

1. d4 Nf6 2. Nf3 e6 3. Nbd2 d5 4. e3 Be7 5. Bd3 Nbd7 6. 0-0 0-0 7. Qe2 Re8 8. Ne5 Nf8 9. f4 N6d7 10. Qh5 g6 11. Qf3 f5 12. g4 Nf6 13. g5 Ne4 14. Qg2 Nd7 15. Nxd7 Bxd7 16. Nxe4 dxe4 17. Be2 c5 18. c3 Qb6 19. b3 1/2-1/2

[Event "SVK-chT1E 1213"]
[Site "Slovakia"]
[Date "2013.02.23"]
[Round "8.2"]
[White "Kopnicky, Frantisek"]
[Black "Kubik, Jozef"]
[Result "1-0"]
[WhiteElo "1976"]
[BlackElo "1273"]
[PlyCount "81"]
[EventDate "2012.10.20"]
[EventType "team-tourn"]
[EventRounds "11"]
[EventCountry "SVK"]
[SourceTitle "EXT 2015"]
[Source "ChessBase"]
[SourceDate "2014.11.20"]
[SourceVersion "1"]
[SourceVersionDate "2014.11.20"]
[SourceQuality "1"]
[WhiteTeam "Svit"]
[BlackTeam "Kysucke Nove Mesto"]
[WhiteTeamCountry "SVK"]
[BlackTeamCountry "SVK"]

1. e4 e5 2. Nf3 Nc6 3. Bc4 Bc5 4. c3 Nf6 5. d3 0-0 6. Bb3 d6 7. h3 Be6 8. Bc2 h6 9. 0-0 d5 10. exd5 Bxd5 11. Re1 Re8 12. Nbd2 Qd6 13. b4 Bb6 14. a4 a6 15. Ba3 e4 16. b5 Bc5 17. Bxc5 Qxc5 18. dxe4 Qxc3 19. bxc6 Bxc6 20. Re3 Qb4 21. Rb1 Qe7 22. Nd4 Qd7 23. Nxc6 Qxc6 24. a5 b5 25. Rc1 Rad8 26. Bb1 Qd7 27. Rd3 Qe7 28. Rxd8 Rxd8 29. Qc2 g6 30. Nf3 Re8 31. Qc6 Qe6 32. Qxe6 Rxe6 33. Rxc7 Nxe4 34. Ba2 Rf6 35. Ne5 Ng5 36. h4 Ne6 37. Rc6 Kg7 38. Rxa6 Nc5 39. Rxf6 Kxf6 40. Nxf7 h5 41. Nd6 1-0

[Event "SVK-chT1E 1213"]
[Site "Slovakia"]
[Date "2013.02.03"]
[Round "7.1"]
[White "Haring, Viktor"]
[Black "Kopnicky, Frantisek"]
[Result "1-0"]
[WhiteElo "2013"]
[BlackElo "1976"]
[PlyCount "37"]
[EventDate "2012.10.20"]
[EventType "team-tourn"]
[EventRounds "11"]
[EventCountry "SVK"]
[SourceTitle "EXT 2015"]
[Source "ChessBase"]
[SourceDate "2014.11.20"]
[SourceVersion "1"]
[SourceVersionDate "2014.11.20"]
[SourceQuality "1"]
[WhiteTeam "Banska Bystrica Junior"]
[BlackTeam "Svit"]
[WhiteTeamCountry "SVK"]
[BlackTeamCountry "SVK"]

1. e4 e5 2. Nf3 Nc6 3. Bb5 d6 4. d4 exd4 5. Nxd4 Bd7 6. Nc3 Be7 7. Be3 Nf6 8. 0-0 0-0 9. f3 Nxd4 10. Bxd4 Be6 11. Qd2 Nd7 12. f4 f5 13. Rae1 a6 14. Bd3 Bf6 15. Bxf6 Qxf6 16. exf5 Qd4+ 17. Rf2 Bf7 18. f6 Nxf6 19. Bxh7+ 1-0

[Event "SVK-chT1E 1112"]
[Site "Slovakia"]
[Date "2011.11.12"]
[Round "3.6"]
[White "Kopnicky, Frantisek"]
[Black "Belis, Rudolf"]
[Result "1-0"]
[WhiteElo "1964"]
[BlackElo "2099"]
[PlyCount "141"]
[EventDate "2011.10.15"]
[EventType "team-tourn"]
[EventRounds "11"]
[EventCountry "SVK"]
[SourceTitle "EXT 2013"]
[Source "ChessBase"]
[SourceDate "2012.11.22"]
[SourceVersion "1"]
[SourceVersionDate "2012.11.22"]
[SourceQuality "1"]
[WhiteTeam "Svit"]
[BlackTeam "Sabinov"]
[WhiteTeamCountry "SVK"]
[BlackTeamCountry "SVK"]

1. e4 c5 2. c3 d5 3. exd5 Qxd5 4. d4 cxd4 5. cxd4 e5 6. dxe5 Qxd1+ 7. Kxd1 Nc6 8. Bb5 Bg4+ 9. f3 0-0-0+ 10. Bd2 Bd7 11. Bxc6 Bxc6 12. Nc3 Ne7 13. Rc1 Ng6 14. e6 Nf4 15. Kc2 Nxe6 16. Nge2 Kb8 17. Rcd1 Be7 18. Be3 h5 19. Rxd8+ Rxd8 20. Nf4 Nxf4 21. Bxf4+ Kc8 22. Rd1 g5 23. Rxd8+ Bxd8 24. Be3 b6 25. Kd3 Kd7 26. b4 Ke6 27. b5 Bb7 28. h3 f6 29. a4 Kf5 30. Ne2 Ke5 31. Bd4+ Ke6 32. Ng3 h4 33. Ne2 Bc7 34. Be3 Bd6 35. Nc3 Bb4 36. Ne2 Be7 37. Nc3 f5 38. Ne2 g4 39. Nf4+ Kf6 40. Bd4+ Kf7 41. fxg4 Bd6 42. Ke3 fxg4 43. hxg4 Bxg2 44. Kf2 Be4 45. Be3 Bc5 46. Bxc5 bxc5 47. a5 Kf6 48. b6 axb6 49. axb6 c4 50. Ke3 Bc6 51. Nh3 Ke5 52. Nf4 Kf6 53. Nh3 Kg6 54. Kd4 Kf6 55. Kxc4 Ke5 56. Kc5 Bb7 57. Kc4 Ke4 58. g5 Ke5 59. Kc5 Bg2 60. g6 Kf6 61. Nf4 Bb7 62. Kd6 h3 63. Nxh3 Kxg6 64. Nf4+ Kf7 65. Ne6 Ke8 66. Kc7 Ba8 67. Nd8 Ke7 68. Nb7 Ke6 69. Kb8 Kd7 70. Kxa8 Kc6 71. Ka7 1-0

[Event "Tatry op"]
[Site "Tatranske Zruby"]
[Date "2011.10.01"]
[Round "8"]
[White "Kopnicky, Frantisek"]
[Black "Sosovicka, Juraj"]
[Result "1/2-1/2"]
[WhiteElo "1964"]
[BlackElo "2198"]
[PlyCount "58"]
[EventDate "2011.09.25"]
[EventType "swiss"]
[EventRounds "9"]
[EventCountry "SVK"]
[SourceTitle "CBM 144 Extra"]
[Source "ChessBase"]
[SourceDate "2011.10.28"]
[SourceVersion "1"]
[SourceVersionDate "2011.10.28"]
[SourceQuality "1"]

1. e4 e5 2. Nf3 Nc6 3. Bc4 Nf6 4. d3 Be7 5. c3 0-0 6. Bb3 d6 7. h3 Na5 8. Bc2 c5 9. 0-0 Nc6 10. a4 Re8 11. Nbd2 Bf8 12. Nc4 h6 13. Re1 Qc7 14. Ne3 Be6 15. Bb3 Rad8 16. Nd5 Bxd5 17. Bxd5 Nxd5 18. exd5 Ne7 19. c4 Ng6 20. Nh2 Be7 21. Qh5 Nf4 22. Bxf4 exf4 23. Qf5 Bf6 24. Qxf4 Bxb2 25. Rab1 Be5 26. Qd2 b6 27. Nf3 Bf6 28. Rxe8+ Rxe8 29. Re1 Qd7 1/2-1/2

[Event "Tatry op"]
[Site "Tatranske Zruby"]
[Date "2011.09.28"]
[Round "5"]
[White "Kolesar, Milan"]
[Black "Kopnicky, Frantisek"]
[Result "1-0"]
[WhiteElo "2175"]
[BlackElo "1964"]
[PlyCount "97"]
[EventDate "2011.09.25"]
[EventType "swiss"]
[EventRounds "9"]
[EventCountry "SVK"]
[SourceTitle "CBM 144 Extra"]
[Source "ChessBase"]
[SourceDate "2011.10.28"]
[SourceVersion "1"]
[SourceVersionDate "2011.10.28"]
[SourceQuality "1"]

1. Nf3 Nf6 2. c4 e6 3. Nc3 d5 4. d4 Be7 5. Bf4 c6 6. e3 0-0 7. h3 Qa5 8. Nd2 Bb4 9. Qc2 Nbd7 10. Be2 Re8 11. 0-0 e5 12. dxe5 Nxe5 13. Rac1 Nxc4 14. Nxc4 dxc4 15. Bxc4 Bf5 16. Qb3 Be6 17. Bxe6 fxe6 18. Ne2 Bd2 19. Rc2 Qb4 20. Nc1 Qxb3 21. Nxb3 Bb4 22. a3 Bf8 23. Na5 e5 24. Bg5 Rab8 25. Bxf6 gxf6 26. Rd1 Re7 27. Rcd2 Kf7 28. Rd8 Rxd8 29. Rxd8 Rc7 30. g4 Ke7 31. Ra8 b6 32. Rxa7 Kd7 33. Rxc7+ Kxc7 34. Nc4 b5 35. Nd2 Kd6 36. Kg2 Kd5 37. Kf3 c5 38. Ke2 e4 39. b3 c4 40. bxc4+ bxc4 41. Nb1 Ke5 42. Kd2 f5 43. gxf5 Kxf5 44. Kc3 Be7 45. Kxc4 Bh4 46. a4 Bxf2 47. Kd4 Bg3 48. Nd2 Be5+ 49. Kd5 1-0

[Event "Tatry op"]
[Site "Tatranske Zruby"]
[Date "2010.10.09"]
[Round "9"]
[White "Kopnicky, Frantisek"]
[Black "Edes, Zsofia"]
[Result "0-1"]
[WhiteElo "1960"]
[BlackElo "2065"]
[PlyCount "68"]
[EventDate "2010.10.02"]
[EventType "swiss"]
[EventRounds "9"]
[EventCountry "SVK"]
[SourceTitle "CBM 138 Extra"]
[Source "ChessBase"]
[SourceDate "2010.10.29"]
[SourceVersion "1"]
[SourceVersionDate "2010.10.29"]
[SourceQuality "1"]

1. e4 c5 2. c3 d5 3. exd5 Qxd5 4. d4 Nf6 5. Nf3 Bg4 6. Be2 e6 7. 0-0 Nc6 8. Be3 cxd4 9. cxd4 Be7 10. Nc3 Qd6 11. Nb5 Qb8 12. Rc1 a6 13. Nc3 0-0 14. h3 Bh5 15. Ng5 Bg6 16. Bd3 Bxd3 17. Qxd3 Nb4 18. Qb1 h6 19. Nge4 Nbd5 20. Nxf6+ Nxf6 21. Rfd1 Rd8 22. Rd3 b5 23. b3 b4 24. Ne2 Nd5 25. Bd2 Bd6 26. Rc4 Rc8 27. Rf3 Rc7 28. Qe4 Qd8 29. Nf4 Rac8 30. Rxc7 Rxc7 31. Nxd5 exd5 32. Qf5 Qd7 33. Qd3 Qc6 34. Bf4 Bxf4 0-1

[Event "Tatry op"]
[Site "Tatranske Zruby"]
[Date "2010.10.04"]
[Round "3"]
[White "Kopnicky, Frantisek"]
[Black "Murin, Pavol"]
[Result "0-1"]
[WhiteElo "1960"]
[BlackElo "2035"]
[PlyCount "56"]
[EventDate "2010.10.02"]
[EventType "swiss"]
[EventRounds "9"]
[EventCountry "SVK"]
[SourceTitle "CBM 138 Extra"]
[Source "ChessBase"]
[SourceDate "2010.10.29"]
[SourceVersion "1"]
[SourceVersionDate "2010.10.29"]
[SourceQuality "1"]

1. e4 c5 2. c3 g6 3. d4 cxd4 4. cxd4 d5 5. e5 Bg7 6. Be2 Nh6 7. Nc3 Nc6 8. h3 Nf5 9. Nf3 a6 10. g4 Nh6 11. Qb3 e6 12. Bg5 Qa5 13. Qd1 Ng8 14. Bd2 Qd8 15. Rc1 Nge7 16. Bd3 f6 17. exf6 Bxf6 18. Be3 0-0 19. Be2 e5 20. dxe5 Nxe5 21. Nxe5 Bxe5 22. Bg5 Bf6 23. Bh6 Rf7 24. 0-0 b5 25. a3 Bb7 26. Bd2 d4 27. Na2 Qd5 28. f3 Qxa2 0-1

[Event "SVK-chT1E 0910"]
[Site "Slovakia"]
[Date "2010.03.07"]
[Round "11.67"]
[White "Kopnicky, Frantisek"]
[Black "Fecko, Juraj"]
[Result "1/2-1/2"]
[WhiteElo "1994"]
[BlackElo "1902"]
[PlyCount "33"]
[EventDate "2009.10.17"]
[EventType "team"]
[EventRounds "11"]
[EventCountry "SVK"]
[SourceTitle "EXT 2011"]
[Source "ChessBase"]
[SourceDate "2010.11.26"]
[SourceVersion "1"]
[SourceVersionDate "2010.11.26"]
[SourceQuality "1"]
[WhiteTeam "Svit"]
[BlackTeam "Michalovce Zemplin"]
[WhiteTeamCountry "SVK"]
[BlackTeamCountry "SVK"]

1. e4 c5 2. c3 Nf6 3. e5 Nd5 4. d4 cxd4 5. cxd4 e6 6. Nf3 Be7 7. Be2 0-0 8. 0-0 Nc6 9. Nc3 a6 10. Nxd5 exd5 11. Re1 Qc7 12. Bg5 Bb4 13. Bd2 Bxd2 14. Qxd2 d6 15. exd6 Qxd6 16. Rac1 Be6 17. Bf1 1/2-1/2